[Event "23rd ECh U20"]
[Site "Holon ISR"]
[Date "1995.11.??"]
[Round "1"]
[White "Sutovsky, Emil"]
[Black "Van de Mortel, Jan"]
[Result "1/2-1/2"]
[WhiteElo "2545"]
[BlackElo "2340"]
[EventDate "1995.11.03"]
[PlyCount "88"]

1.e4 c5 2.Nf3 d6 3.d4 cxd4 4.Nxd4 Nf6 5.Nc3 g6 6.Be3 Bg7 7.f3 O-O 8.Qd2 
Nc6 9.O-O-O Nxd4 10.Bxd4 Be6 11.Kb1 Qc7 12.h4 Rfc8 13.g4 Qa5 14.a3 Rab8 
15.h5 b5 16.Nd5 Qxd2 17.Rxd2 Nxd5 18.Bxg7 Ne3 19.Bd4 Nxf1 20.Rxf1 a5 21.
hxg6 fxg6 22.Rh1 Bf7 23.f4 b4 24.axb4 Rxb4 25.c3 Ra4 26.e5 dxe5 27.Bxe5 
Be6 28.Rg1 Re4 29.Kc2 a4 30.Rh2 Bc4 31.Ra1 Ra8 32.g5 Re2+ 33.Rxe2 Bxe2 34.
Re1 Bc4 35.Bd4 Kf7 36.Bc5 e6 37.Re4 Bb3+ 38.Kd2 Rd8+ 39.Ke3 Rc8 40.Ba3 Rc7
41.Rd4 Ke8 42.Rb4 Kd7 43.Kd4 Kc6 44.Ke5 Rf7 1/2-1/2

[Event "23rd ECh U20"]
[Site "Holon ISR"]
[Date "1995.11.??"]
[Round "1"]
[White "Edzgveradze, Natalia"]
[Black "Finkel, Alexander"]
[Result "0-1"]
[WhiteElo "2320"]
[BlackElo "2490"]
[EventDate "1995.11.03"]
[PlyCount "92"]

1.d4 Nf6 2.c4 g6 3.g3 c6 4.Bg2 d5 5.Nf3 Bg7 6.cxd5 cxd5 7.Ne5 O-O 8.Nc3 e6
9.O-O Nfd7 10.f4 Nc6 11.Be3 Nb6 12.Bf2 Ne7 13.b3 Bd7 14.Qd2 a5 15.e3 Bc6 
16.g4 Qd6 17.Bg3 a4 18.Rab1 axb3 19.axb3 Qb4 20.Nd3 Qa5 21.Qb2 Qa3 22.Qxa3
Rxa3 23.f5 Nec8 24.fxe6 fxe6 25.Nc5 Re8 26.Ra1 Rxa1 27.Rxa1 e5 28.dxe5 
Bxe5 29.Bxe5 Rxe5 30.Kf2 Nd6 31.Nd3 Re7 32.Nb4 Rf7+ 33.Kg3 d4 34.exd4 Bxg2
35.Kxg2 Rf4 36.Ne2 Rxg4+ 37.Kf3 Rh4 38.Kg3 Nf5+ 39.Kg2 Nxd4 40.Nxd4 Rxd4 
41.Na2 Rd2+ 42.Kg1 Nd5 43.Nc1 Nf4 44.Ra4 Nh3+ 45.Kf1 Rd1+ 46.Kg2 Rxc1 0-1

[Event "23rd ECh U20"]
[Site "Holon ISR"]
[Date "1995.11.??"]
[Round "1"]
[White "Allakhverdiev, Anar"]
[Black "Gabriel, Christian"]
[Result "0-1"]
[WhiteElo "2290"]
[BlackElo "2475"]
[EventDate "1995.11.03"]
[PlyCount "100"]

1.c4 g6 2.g3 Bg7 3.Bg2 d6 4.Nc3 f5 5.d4 Nf6 6.Nf3 O-O 7.O-O Qe8 8.d5 Na6 
9.Nd4 Nc5 10.b4 Nfe4 11.Nxe4 Nxe4 12.Bb2 c5 13.dxc6 bxc6 14.Qc2 e5 15.Nb3 
Be6 16.Rad1 d5 17.e3 Qf7 18.Na5 Rac8 19.c5 Qc7 20.a3 h5 21.h4 Rce8 22.Qa4 
Bd7 23.Qb3 Kh7 24.Qd3 Nxc5 25.Qc2 Ne6 26.Kh2 Rc8 27.f4 Qb8 28.Qd2 Rf7 29.
Rc1 Qb6 30.Rfd1 Re8 31.fxe5 Nd8 32.Bd4 Qb8 33.Qb2 Bxe5 34.Bxe5 Rxe5 35.Rd3
Rfe7 36.Qd2 Be8 37.Rcc3 R5e6 38.Nb3 Nf7 39.Nd4 Re4 40.Nf3 Rg4 41.Qf2 Ne5 
42.Nxe5 Qxe5 43.Rd4 Rxh4+ 44.Kg1 Rg4 45.Kh2 h4 46.Rxg4 fxg4 47.Rd3 Rf7 48.
Qe1 h3 49.Bh1 Qb2+ 50.Rd2 Rf1 0-1

[Event "23rd ECh U20"]
[Site "Holon ISR"]
[Date "1995.11.??"]
[Round "1"]
[White "Knoflicek, Ctibor"]
[Black "Vouldis, Angelos"]
[Result "0-1"]
[WhiteElo "2195"]
[BlackElo "2425"]
[EventDate "1995.11.03"]
[PlyCount "40"]

1.e4 c5 2.Nf3 d6 3.d4 cxd4 4.Nxd4 Nf6 5.Nc3 a6 6.Bg5 e6 7.f4 Qc7 8.Qf3 b5 
9.e5 Bb7 10.Bxb5+ axb5 11.Ndxb5 Qb6 12.Qd3 Ng4 13.O-O-O d5 14.Ne4 Ba6 15.
Ned6+ Bxd6 16.Nxd6+ Qxd6 17.Qg3 Qb6 18.Qxg4 Bc4 19.a3 Qe3+ 20.Rd2 Rxa3 0-1

[Event "23rd ECh U20"]
[Site "Holon ISR"]
[Date "1995.11.??"]
[Round "1"]
[White "Gasimov, Ragim"]
[Black "Pedersen, Daniel Vesterbak"]
[Result "1-0"]
[WhiteElo "2420"]
[BlackElo "2165"]
[EventDate "1995.11.03"]
[PlyCount "67"]

1.d4 d5 2.Nf3 Nf6 3.c4 e6 4.g3 dxc4 5.Bg2 Nc6 6.O-O Rb8 7.a4 b6 8.Nc3 Be7 
9.e4 O-O 10.Be3 Bb7 11.Qe2 Na5 12.Ne5 Nd7 13.f4 f6 14.Nf3 e5 15.Rad1 Bb4 
16.dxe5 Qe7 17.Nd5 Bxd5 18.Rxd5 c6 19.Rdd1 fxe5 20.Bh3 Rbd8 21.Ng5 Nc5 22.
Rxd8 Rxd8 23.fxe5 h6 24.Bf5 Rf8 25.Bh7+ Kh8 26.Rxf8+ Qxf8 27.Bg6 Nd3 28.
Nf7+ Kg8 29.Kg2 Nb3 30.Qg4 Bd2 31.Qe6 Bxe3 32.Nxh6+ Kh8 33.Nf7+ Kg8 34.
Ng5+ 1-0

[Event "23rd ECh U20"]
[Site "Holon ISR"]
[Date "1995.11.??"]
[Round "1"]
[White "Czebe, Attila"]
[Black "Leer-Salvesen, Bjarte"]
[Result "1-0"]
[WhiteElo "2340"]
[BlackElo "2170"]
[EventDate "1995.11.03"]
[PlyCount "79"]

1.d4 c5 2.d5 f5 3.c4 Nf6 4.Nc3 g6 5.Bg5 d6 6.Bxf6 exf6 7.h4 h5 8.Nh3 Bh6 
9.g3 Nd7 10.Nf4 Ne5 11.e3 O-O 12.Be2 Kh7 13.Qc2 a6 14.a4 b6 15.O-O Bd7 16.
Rfb1 Rc8 17.Rd1 Re8 18.Nb1 Rb8 19.Nd2 Qc7 20.Qc3 b5 21.axb5 axb5 22.cxb5 
Bxb5 23.Bxb5 Rxb5 24.Ne6 Qb7 25.f4 Ng4 26.Nc4 Rb3 27.Qd2 Qb8 28.Ra2 Bf8 
29.Rda1 Be7 30.Ra3 Rb4 31.Qd3 Kg8 32.b3 Kf7 33.Na5 Re4 34.Nc6 Qc8 35.Re1 
g5 36.Ra7 gxf4 37.gxf4 Rxe6 38.dxe6+ Qxe6 39.Rxe7+ Rxe7 40.Nxe7 1-0

[Event "23rd ECh U20"]
[Site "Holon ISR"]
[Date "1995.11.??"]
[Round "2"]
[White "Gabriel, Christian"]
[Black "Garbisu de Goni, Unai"]
[Result "1-0"]
[WhiteElo "2475"]
[BlackElo "2395"]
[EventDate "1995.11.03"]
[PlyCount "87"]

1.e4 e5 2.Nf3 Nc6 3.Bb5 a6 4.Ba4 Nf6 5.O-O Be7 6.Bxc6 dxc6 7.d3 Nd7 8.b3 
O-O 9.Bb2 Bf6 10.Nbd2 b5 11.Re1 Re8 12.Nf1 g6 13.Qd2 Nf8 14.Ne3 Qd6 15.
Rad1 Bg7 16.h3 Ne6 17.Ng4 f6 18.d4 Nxd4 19.Nxd4 Bxg4 20.hxg4 exd4 21.Bxd4 
c5 22.Be3 Qxd2 23.Rxd2 Rad8 24.f3 b4 25.Red1 Rxd2 26.Bxd2 Rd8 27.Kf1 Bh6 
28.Ke2 Bxd2 29.Rxd2 Rd6 30.c3 a5 31.Rc2 Rc6 32.Kd3 Kf7 33.Kc4 Ke6 34.Kb5 
Rb6+ 35.Kxc5 g5 36.c4 Ke5 37.Rd2 Kf4 38.Rd7 Kg3 39.Rxc7 Rb8 40.Rxh7 Kxg2 
41.Rf7 Kxf3 42.Rxf6+ Kxe4 43.Rf5 Kd3 44.Kd6 1-0

[Event "23rd ECh U20"]
[Site "Holon ISR"]
[Date "1995.11.??"]
[Round "2"]
[White "Hedman, Erik"]
[Black "Sutovsky, Emil"]
[Result "0-1"]
[WhiteElo "2320"]
[BlackElo "2545"]
[EventDate "1995.11.03"]
[PlyCount "86"]

1.d4 Nf6 2.c4 g6 3.Nc3 Bg7 4.e4 d6 5.Bd3 Nc6 6.Nge2 O-O 7.O-O Nh5 8.Bc2 e5
9.dxe5 Nxe5 10.b3 Qh4 11.Bd2 f5 12.f4 Nc6 13.Rc1 fxe4 14.Bxe4 Bg4 15.Qe1 
Qe7 16.Ng3 Nxg3 17.Qxg3 Qd7 18.Kh1 Rae8 19.Rce1 Nd4 20.Qd3 Bf5 21.Be3 Bxe4
22.Nxe4 Nf5 23.Bd2 Kh8 24.Ng5 c6 25.Qh3 h6 26.Nf3 Rxe1 27.Rxe1 Re8 28.g4 
Rxe1+ 29.Bxe1 Ne3 30.Nh4 Qe6 31.Nxg6+ Kg8 32.Nh4 Nxg4 33.Qf1 Qe4+ 34.Ng2 
d5 35.cxd5 cxd5 36.Bd2 Bd4 37.Be1 Bb6 38.Bg3 Ne3 39.Qe2 d4 40.Be1 d3 41.
Qf2 Nxg2 42.Qxg2+ Qxg2+ 43.Kxg2 Be3 0-1

[Event "23rd ECh U20"]
[Site "Holon ISR"]
[Date "1995.11.??"]
[Round "2"]
[White "Vouldis, Angelos"]
[Black "Czebe, Attila"]
[Result "1-0"]
[WhiteElo "2425"]
[BlackElo "2340"]
[EventDate "1995.11.03"]
[PlyCount "75"]

1.e4 c5 2.Nf3 Nc6 3.d4 cxd4 4.Nxd4 Nf6 5.Nc3 e5 6.Ndb5 d6 7.Bg5 a6 8.Na3 
b5 9.Nd5 Be7 10.Bxf6 Bxf6 11.c3 Bg5 12.Nc2 O-O 13.a4 bxa4 14.Rxa4 a5 15.
Bc4 Rb8 16.Ra2 Kh8 17.O-O g6 18.Nce3 Be6 19.Qa4 Ne7 20.Nxe7 Qxe7 21.Nd5 
Bxd5 22.Bxd5 Qc7 23.Qd1 Bd8 24.Qe2 Qe7 25.b3 Bb6 26.Rd2 f5 27.Rd3 fxe4 28.
Bxe4 Bc5 29.c4 Qa7 30.g3 Bd4 31.Kg2 Kg7 32.h4 Qc5 33.h5 Rf6 34.Qg4 Rbf8 
35.hxg6 hxg6 36.Rf3 Bb2 37.Rh1 Qxf2+ 38.Kxf2 1-0

[Event "23rd ECh U20"]
[Site "Holon ISR"]
[Date "1995.11.??"]
[Round "2"]
[White "Solak, Dragan"]
[Black "Liss, Eran"]
[Result "0-1"]
[WhiteElo "2240"]
[BlackElo "2480"]
[EventDate "1995.11.03"]
[PlyCount "90"]

1.e4 e5 2.Nf3 Nc6 3.Bb5 a6 4.Bxc6 dxc6 5.Nc3 Qd6 6.d4 exd4 7.Qxd4 Qxd4 8.
Nxd4 Bd6 9.f3 Ne7 10.Kf2 O-O 11.g4 Ng6 12.Be3 Re8 13.Rad1 Ne5 14.Nf5 Bf8 
15.Bd4 Nc4 16.Ne2 f6 17.Nf4 Kf7 18.h4 a5 19.Ne3 Nd6 20.c4 a4 21.g5 Be6 22.
Nxe6 Rxe6 23.Rhg1 b6 24.Rg2 Rd8 25.Bc3 a3 26.b3 Rde8 27.Rd3 Be7 28.Ng4 f5 
29.Ne5+ Kg8 30.Nxc6 fxe4 31.Nxe7+ R6xe7 32.Re3 Rf7 33.g6 hxg6 34.Rxg6 Nf5 
35.Re2 Nxh4 36.Rg4 Rxf3+ 37.Ke1 Nf5 38.Bb4 e3 39.Reg2 Kf7 40.Bxa3 Ra8 41.
Bb4 Rh3 42.Rf4 g6 43.Bc3 e2 44.Bb2 Rxa2 45.Rxe2 Rh1+ 0-1

[Event "23rd ECh U20"]
[Site "Holon ISR"]
[Date "1995.11.??"]
[Round "2"]
[White "Bakhtadze, Giorgi"]
[Black "Ovseevich, Sergei"]
[Result "0-1"]
[WhiteElo "2275"]
[BlackElo "2405"]
[EventDate "1995.11.03"]
[PlyCount "92"]

1.e4 c5 2.Nf3 d6 3.d3 Nc6 4.g3 g6 5.Bg2 Bg7 6.O-O e5 7.c3 Nge7 8.a3 O-O 9.
b4 Kh8 10.Be3 b6 11.Qd2 f5 12.Bh6 f4 13.Bxg7+ Kxg7 14.d4 cxd4 15.cxd4 Bg4 
16.dxe5 dxe5 17.Qxd8 Raxd8 18.Nbd2 Nd4 19.Nxd4 Rxd4 20.Nb3 Rd3 21.Nc1 Rd2 
22.Nb3 Re2 23.Nc1 Rd2 24.Nb3 Rd3 25.Nc1 Rd7 26.f3 Be6 27.Re1 Nc6 28.Ne2 
Bc4 29.Rac1 b5 30.Bf1 fxg3 31.Nxg3 Nd4 32.Red1 Nxf3+ 33.Kh1 Rd2 34.Rxd2 
Nxd2 35.Bxc4 Nxc4 36.a4 a6 37.axb5 axb5 38.Ne2 Rf2 39.Nc3 Rb2 40.Nd5 h5 
41.Re1 h4 42.h3 Rb3 43.Kh2 Nd2 44.Re2 Rd3 45.Kg2 Rg3+ 46.Kf2 Rxh3 0-1

[Event "23rd ECh U20"]
[Site "Holon ISR"]
[Date "1995.11.??"]
[Round "2"]
[White "Petek, Pavel"]
[Black "Stocek, Jiri"]
[Result "0-1"]
[WhiteElo "2065"]
[BlackElo "2475"]
[EventDate "1995.11.03"]
[PlyCount "68"]

1.c4 e6 2.Nf3 Nf6 3.g3 a6 4.Bg2 b5 5.b3 Bb7 6.O-O Be7 7.Bb2 O-O 8.d4 Qc8 
9.cxb5 axb5 10.Nc3 b4 11.Na4 Bc6 12.Ne5 Bxg2 13.Kxg2 d6 14.Nd3 Qb7+ 15.f3 
Nd5 16.Qd2 f5 17.Rfe1 h6 18.h4 Nc6 19.Rac1 Bf6 20.e4 fxe4 21.fxe4 Nc3 22.
Nxc3 bxc3 23.Bxc3 Nxd4 24.Nf4 c5 25.Bxd4 Bxd4 26.Re2 Qf7 27.b4 Ra3 28.bxc5
dxc5 29.Qe1 g5 30.hxg5 hxg5 31.Nh3 g4 32.Ng5 Qg6 33.Qd2 Rff3 34.Rxc5 Rxg3+
0-1

[Event "23rd ECh U20"]
[Site "Holon ISR"]
[Date "1995.11.??"]
[Round "2"]
[White "Leer-Salvesen, Bjarte"]
[Black "Knoflicek, Ctibor"]
[Result "1/2-1/2"]
[WhiteElo "2170"]
[BlackElo "2195"]
[EventDate "1995.11.03"]
[PlyCount "68"]

1.c4 e5 2.g3 Nc6 3.Bg2 g6 4.Nc3 Bg7 5.Nf3 f5 6.d3 d6 7.O-O Nf6 8.Rb1 h6 9.
b4 O-O 10.Qb3 Be6 11.Nd5 g5 12.b5 Ne7 13.Nxe7+ Qxe7 14.Nd2 Rab8 15.Qa3 Qf7
16.Qxa7 Qh5 17.Re1 f4 18.Ne4 Ng4 19.h3 Nf6 20.Nxf6+ Bxf6 21.g4 Qh4 22.Rf1 
e4 23.dxe4 Bxc4 24.f3 h5 25.Qa4 Be6 26.a3 Rf7 27.Bb2 hxg4 28.fxg4 Bxb2 29.
Rxb2 Rh7 30.Rf3 Qe1+ 31.Rf1 Qg3 32.Rf3 Qe1+ 33.Rf1 Qg3 34.Rf3 Qe1+ 1/2-1/2

[Event "23rd ECh U20"]
[Site "Holon ISR"]
[Date "1995.11.??"]
[Round "3"]
[White "Liss, Eran"]
[Black "Finkel, Alexander"]
[Result "0-1"]
[WhiteElo "2480"]
[BlackElo "2490"]
[EventDate "1995.11.03"]
[PlyCount "88"]

1.e4 c6 2.d4 d5 3.exd5 cxd5 4.c4 Nf6 5.Nc3 Nc6 6.Bg5 Be6 7.Be2 Qa5 8.Nf3 
dxc4 9.O-O Rd8 10.Qc1 h6 11.Bd2 Nxd4 12.Nxd4 Rxd4 13.b4 Qd8 14.Be3 Rd7 15.
Bxa7 g6 16.Nb5 Qc8 17.Qc2 Bg7 18.Rac1 O-O 19.Bxc4 Bxc4 20.Qxc4 Qxc4 21.
Rxc4 b6 22.Rfc1 Nd5 23.g3 Rb7 24.a4 Be5 25.f4 Bb2 26.Rb1 Bf6 27.Rbc1 g5 
28.Kh1 gxf4 29.gxf4 Kh7 30.Rc8 Rxc8 31.Rxc8 Kg6 32.h3 Kf5 33.Rc4 Ke6 34.
Kh2 Kd7 35.Kg3 e6 36.Kf3 Be7 37.Rd4 Bxb4 38.f5 Bc5 39.fxe6+ fxe6 40.Rg4 
Kc6 41.Rg6 Rf7+ 42.Ke4 Rf4+ 43.Ke5 Rxa4 44.Bxb6 Nxb6 0-1

[Event "23rd ECh U20"]
[Site "Holon ISR"]
[Date "1995.11.??"]
[Round "3"]
[White "Edzgveradze, Natalia"]
[Black "Rowson, Jonathan"]
[Result "1/2-1/2"]
[WhiteElo "2320"]
[BlackElo "2400"]
[EventDate "1995.11.03"]
[PlyCount "43"]

1.d4 d5 2.c4 Bf5 3.cxd5 Bxb1 4.Qa4+ c6 5.Rxb1 Qxd5 6.a3 Nd7 7.Nf3 Ngf6 8.
e3 Qf5 9.Ra1 e6 10.Bd2 Bd6 11.Rc1 O-O 12.Qc2 c5 13.Qxf5 exf5 14.Bb5 a6 15.
Bxd7 Nxd7 16.Ke2 cxd4 17.Nxd4 g6 18.Rhd1 Nf6 19.Ba5 Be7 20.Nb3 Rfe8 21.Bb6
Kf8 22.Bc5 1/2-1/2

[Event "23rd ECh U20"]
[Site "Holon ISR"]
[Date "1995.11.??"]
[Round "3"]
[White "Allakhverdiev, Anar"]
[Black "Forster, Richard"]
[Result "1/2-1/2"]
[WhiteElo "2290"]
[BlackElo "2370"]
[EventDate "1995.11.03"]
[PlyCount "116"]

1.c4 g6 2.g3 Bg7 3.Bg2 Nf6 4.Nc3 O-O 5.e4 c5 6.Nge2 Nc6 7.O-O Ne8 8.d3 Nc7
9.Be3 Ne6 10.Qd2 Ned4 11.Rab1 d6 12.a3 a5 13.f4 a4 14.f5 Bd7 15.Bh6 Nxe2+ 
16.Nxe2 Ne5 17.Nc3 Bc6 18.Bxg7 Kxg7 19.Rf2 Rb8 20.Bf1 Qd7 21.d4 cxd4 22.
Qxd4 Qc7 23.Be2 Qa5 24.Rd1 Qc5 25.g4 Rfc8 26.g5 Qxd4 27.Rxd4 Nd7 28.h4 Ra8
29.h5 Ra5 30.Kh2 h6 31.fxg6 fxg6 32.gxh6+ Kxh6 33.Nd5 Bxd5 34.exd5 Ne5 35.
hxg6 Kg7 36.Rh4 Raa8 37.Rh7+ Kxg6 38.Rxe7 Rh8+ 39.Kg1 Rag8 40.Rxb7 Kh6+ 
41.Rg2 Rxg2+ 42.Kxg2 Kg5 43.Rb6 Kf4 44.Rxd6 Rb8 45.Rf6+ Ke3 46.Re6 Kxe2 
47.Rxe5+ Kd3 48.Re1 Rxb2+ 49.Kf3 Kxc4 50.Rd1 Rb3+ 51.Ke4 Rxa3 52.d6 Rh3 
53.d7 Rh8 54.d8=Q Rxd8 55.Rxd8 a3 56.Rc8+ Kb3 57.Kd3 Kb2 58.Rb8+ Kc1 
1/2-1/2

[Event "23rd ECh U20"]
[Site "Holon ISR"]
[Date "1995.11.??"]
[Round "3"]
[White "Murdzia, Piotr"]
[Black "Leer-Salvesen, Bjarte"]
[Result "1-0"]
[WhiteElo "2425"]
[BlackElo "2170"]
[EventDate "1995.11.03"]
[PlyCount "109"]

1.d4 e6 2.c4 d5 3.Nc3 Nf6 4.cxd5 exd5 5.Bg5 c6 6.Qc2 Nbd7 7.Nf3 Be7 8.e3 
O-O 9.Bd3 Re8 10.O-O-O Nf8 11.h3 Be6 12.Ne5 N6d7 13.Bxe7 Qxe7 14.Nxd7 Bxd7
15.Kb1 b5 16.Ne2 Rec8 17.Rc1 Kh8 18.Nf4 Ne6 19.Nxe6 Qxe6 20.g4 a5 21.Qe2 
Qe7 22.Rc5 g6 23.h4 Qe6 24.g5 f5 25.Qf3 Qd6 26.h5 Kg7 27.Rh4 Rh8 28.Rc1 a4
29.Rc5 Be8 30.hxg6 Bxg6 31.Qf4 Rad8 32.Kc1 Rhf8 33.Kd2 Qxf4 34.Rxf4 Rd6 
35.Kc3 h6 36.gxh6+ Kxh6 37.Rh4+ Kg5 38.Rh1 Be8 39.Rg1+ Kh6 40.Kb4 Rg6 41.
Rcc1 Kg7 42.Kc5 Rf6 43.Kb6 Kf7 44.Rxg6 Rxg6 45.Bxf5 Rf6 46.Bh3 c5+ 47.Kc7 
Rxf2 48.dxc5 Rxb2 49.Bd7 b4 50.c6 b3 51.axb3 axb3 52.Kd6 Rc2 53.Rf1+ Kg7 
54.Bxe8 b2 55.Rb1 1-0

[Event "23rd ECh U20"]
[Site "Holon ISR"]
[Date "1995.11.??"]
[Round "3"]
[White "Knoflicek, Ctibor"]
[Black "Hedman, Erik"]
[Result "0-1"]
[WhiteElo "2195"]
[BlackElo "2320"]
[EventDate "1995.11.03"]
[PlyCount "86"]

1.e4 c5 2.Nf3 d6 3.d4 cxd4 4.Nxd4 Nf6 5.Nc3 a6 6.Bg5 e6 7.f4 Nc6 8.Be2 Be7
9.e5 dxe5 10.Nxc6 bxc6 11.fxe5 Qxd1+ 12.Rxd1 Nd7 13.Bf4 Rb8 14.b3 Bb4 15.
Rd3 Nc5 16.Re3 a5 17.O-O Ba6 18.Rd1 Ke7 19.Kf1 Rhd8 20.Rxd8 Rxd8 21.Bxa6 
Nxa6 22.Ke2 Nc7 23.g3 h6 24.Rd3 Nd5 25.Nxd5+ exd5 26.c4 Ke6 27.h4 Be7 28.
Bd2 Ra8 29.cxd5+ cxd5 30.Kf3 Bb4 31.Bc1 Rc8 32.Bf4 Rc2 33.a4 Bc3 34.g4 d4 
35.h5 Rb2 36.Be3 Kxe5 37.Bf4+ Kd5 38.g5 hxg5 39.Bxg5 Rxb3 40.h6 gxh6 41.
Bxh6 Rb6 42.Bf4 Rb1 43.Kg4 Ke4 0-1

[Event "23rd ECh U20"]
[Site "Holon ISR"]
[Date "1995.11.??"]
[Round "3"]
[White "Slivinskas, Mindaugas"]
[Black "Solak, Dragan"]
[Result "0-1"]
[WhiteElo "2265"]
[BlackElo "2240"]
[EventDate "1995.11.03"]
[PlyCount "106"]

1.e4 c5 2.Nf3 e6 3.Nc3 a6 4.b3 Nc6 5.Be2 d6 6.O-O Be7 7.d4 cxd4 8.Nxd4 Qb6
9.Be3 Qc7 10.Qd2 Nf6 11.f4 Bd7 12.Bf3 Nxd4 13.Qxd4 Rc8 14.Ne2 e5 15.Qa7 
O-O 16.c4 Bc6 17.fxe5 dxe5 18.Nc3 Nd7 19.Nd5 Bxd5 20.cxd5 Bc5 21.Bxc5 
Qxc5+ 22.Qxc5 Rxc5 23.Rac1 Rfc8 24.Rxc5 Rxc5 25.Bg4 Nf6 26.h3 Ne8 27.Rf5 
f6 28.Rf1 Nd6 29.Bf5 Kf7 30.g4 g6 31.Be6+ Ke7 32.Bg8 Nxe4 33.h4 Kf8 34.Be6
a5 35.Rd1 Nd6 36.Rd2 Ke7 37.h5 Ne4 38.Re2 Ng5 39.Bg8 Rc8 40.d6+ Kxd6 41.
Bc4 gxh5 42.gxh5 Ke7 43.Kf2 h6 44.Ke3 f5 45.Rd2 f4+ 46.Ke2 Ne4 47.Rd3 Rd8 
48.Rh3 Kf6 49.a4 Kg5 50.Rf3 Rd2+ 51.Ke1 Rd4 52.Bf7 Kg4 53.Rf1 f3 0-1

[Event "23rd ECh U20"]
[Site "Holon ISR"]
[Date "1995.11.??"]
[Round "4"]
[White "Vouldis, Angelos"]
[Black "Sutovsky, Emil"]
[Result "1/2-1/2"]
[WhiteElo "2425"]
[BlackElo "2545"]
[EventDate "1995.11.03"]
[PlyCount "87"]

1.e4 c5 2.Nf3 Nc6 3.d4 cxd4 4.Nxd4 Nf6 5.Nc3 e5 6.Ndb5 d6 7.Bg5 a6 8.Na3 
b5 9.Nd5 Be7 10.Bxf6 Bxf6 11.c3 O-O 12.Nc2 Rb8 13.h4 Be6 14.Nce3 Ne7 15.
Nxf6+ gxf6 16.Qf3 Kg7 17.Rd1 b4 18.h5 h6 19.Bc4 bxc3 20.Bxe6 fxe6 21.bxc3 
f5 22.O-O Rc8 23.exf5 exf5 24.Rfe1 Rc5 25.Nd5 Kh8 26.Qe3 Ng8 27.Nb4 Qb6 
28.Rd5 Rfc8 29.Red1 Rxd5 30.Nxd5 Qxe3 31.Nxe3 f4 32.Nf5 Rxc3 33.Rxd6 Rc1+ 
34.Kh2 Rc2 35.Rd8 Kh7 36.Rd7+ Kh8 37.Rf7 Rc6 38.Ra7 Re6 39.f3 Nf6 40.Ra8+ 
Kh7 41.Ra7+ Kh8 42.Kh3 Nd5 43.a3 Ne3 44.g4 1/2-1/2

[Event "23rd ECh U20"]
[Site "Holon ISR"]
[Date "1995.11.??"]
[Round "4"]
[White "Kovacevic, Blazimir"]
[Black "Liss, Eran"]
[Result "1/2-1/2"]
[WhiteElo "2340"]
[BlackElo "2480"]
[EventDate "1995.11.03"]
[PlyCount "33"]

1.d4 Nf6 2.Nf3 g6 3.c4 Bg7 4.Nc3 d5 5.cxd5 Nxd5 6.e4 Nxc3 7.bxc3 c5 8.Rb1 
O-O 9.Be2 cxd4 10.cxd4 Qa5+ 11.Bd2 Qxa2 12.O-O b6 13.Qc1 Bb7 14.Bc4 Qa4 
15.Bb5 Qa2 16.Bc4 Qa4 17.Bb5 1/2-1/2

[Event "23rd ECh U20"]
[Site "Holon ISR"]
[Date "1995.11.??"]
[Round "4"]
[White "Liiva, Riho"]
[Black "Edzgveradze, Natalia"]
[Result "1/2-1/2"]
[WhiteElo "2410"]
[BlackElo "2320"]
[EventDate "1995.11.03"]
[PlyCount "115"]

1.e4 c6 2.c4 d5 3.cxd5 cxd5 4.exd5 Nf6 5.Qa4+ Nbd7 6.Nc3 g6 7.Qb3 Bg7 8.
Bc4 O-O 9.Nf3 Nb6 10.d3 Bg4 11.Ne5 Qc7 12.f4 Nbd7 13.Nb5 Qb6 14.h3 Nc5 15.
Qa3 a6 16.Nd4 Bc8 17.Be3 Qd6 18.Ndc6 Nxd3+ 19.Qxd3 bxc6 20.dxc6 Bf5 21.Qb3
e6 22.Rd1 Qc7 23.O-O Rfb8 24.Qa3 Nd5 25.Bxd5 exd5 26.Rxd5 Bxe5 27.Rxe5 
Qxc6 28.b3 Re8 29.Qc5 Qd7 30.Qd4 Qb7 31.Bc1 Rxe5 32.Qxe5 Qb6+ 33.Be3 Qe6 
34.Bd4 Qxe5 35.Bxe5 Rc8 36.Rd1 Kf8 37.Bf6 Ke8 38.Rd6 a5 39.Rd5 Be6 40.Rxa5
Rc1+ 41.Kh2 Rc2 42.Kg1 Kd7 43.g4 Kc6 44.Bd4 Bd5 45.Bf2 Rc1+ 46.Kh2 Rc2 47.
Kg3 h6 48.f5 Rc3+ 49.Kh2 Rc2 50.fxg6 fxg6 51.Ra6+ Kb7 52.Rf6 Rxa2 53.Kg3 
Ra6 54.Rf4 Ra3 55.Rb4+ Kc7 56.Bb6+ Kd6 57.Be3 Rxb3 58.Rxb3 1/2-1/2

[Event "23rd ECh U20"]
[Site "Holon ISR"]
[Date "1995.11.??"]
[Round "4"]
[White "Van de Mortel, Jan"]
[Black "Czebe, Attila"]
[Result "1/2-1/2"]
[WhiteElo "2340"]
[BlackElo "2340"]
[EventDate "1995.11.03"]
[PlyCount "63"]

1.d4 Nf6 2.Nf3 e6 3.Bg5 c5 4.e3 Be7 5.Nbd2 b6 6.c3 Bb7 7.Bd3 O-O 8.Qe2 d5 
9.Ne5 Nbd7 10.Bxf6 Nxf6 11.Qf3 Bd6 12.Qh3 Ne4 13.f3 Ng5 14.Qh5 g6 15.Qh6 
Bxe5 16.dxe5 f6 17.O-O-O Nf7 18.Qh3 Nxe5 19.Be2 Qe7 20.f4 Nf7 21.Qg3 Nd6 
22.h4 Ne4 23.Nxe4 dxe4 24.h5 Kg7 25.Bc4 Rad8 26.Rxd8 Rxd8 27.hxg6 h6 28.
Qh4 Rh8 29.Rd1 Rd8 30.Rh1 Rh8 31.g4 Bc6 32.Be2 1/2-1/2

[Event "23rd ECh U20"]
[Site "Holon ISR"]
[Date "1995.11.??"]
[Round "4"]
[White "Finkel, Alexander"]
[Black "Pedersen, Daniel Vesterbak"]
[Result "1/2-1/2"]
[WhiteElo "2490"]
[BlackElo "2165"]
[EventDate "1995.11.03"]
[PlyCount "59"]

1.e4 e5 2.Nc3 Nf6 3.g3 d5 4.exd5 Nxd5 5.Bg2 Nxc3 6.bxc3 Bd6 7.Nf3 Nc6 8.
O-O O-O 9.d4 Re8 10.Rb1 Rb8 11.Be3 Bg4 12.h3 Bh5 13.g4 Bg6 14.dxe5 Nxe5 
15.Nxe5 Rxe5 16.Bxa7 Ra8 17.f4 Re8 18.Bd4 Be4 19.Bxe4 Rxe4 20.Qf3 Rxf4 21.
Qxb7 Ra5 22.Rxf4 Bxf4 23.Qb8 Qf8 24.a3 Bd6 25.c4 Rxa3 26.c5 Bf4 27.Kg2 h5 
28.gxh5 Rg3+ 29.Kf2 Rxh3 30.Qxf8+ 1/2-1/2

[Event "23rd ECh U20"]
[Site "Holon ISR"]
[Date "1995.11.??"]
[Round "5"]
[White "Sutovsky, Emil"]
[Black "Gabriel, Christian"]
[Result "1/2-1/2"]
[WhiteElo "2545"]
[BlackElo "2475"]
[EventDate "1995.11.03"]
[PlyCount "33"]

1.e4 e5 2.Nc3 Nf6 3.Nf3 Nc6 4.d4 exd4 5.Nxd4 Bb4 6.Nxc6 bxc6 7.Bd3 d5 8.
exd5 cxd5 9.O-O O-O 10.Bg5 c6 11.Qf3 Bd6 12.Na4 Rb8 13.c4 Be6 14.Rac1 h6 
15.Bxf6 Qxf6 16.Qxf6 gxf6 17.b3 1/2-1/2

[Event "23rd ECh U20"]
[Site "Holon ISR"]
[Date "1995.11.??"]
[Round "5"]
[White "Gasimov, Ragim"]
[Black "Ovseevich, Sergei"]
[Result "1/2-1/2"]
[WhiteElo "2420"]
[BlackElo "2405"]
[EventDate "1995.11.03"]
[PlyCount "42"]

1.d4 Nf6 2.Nf3 g6 3.c4 Bg7 4.Nc3 O-O 5.Bg5 d6 6.e3 c5 7.Be2 cxd4 8.exd4 h6
9.Bf4 Bf5 10.O-O Ne4 11.Nxe4 Bxe4 12.Qd2 g5 13.Be3 e6 14.Ne1 Nc6 15.Rd1 d5
16.h4 dxc4 17.hxg5 hxg5 18.Bxc4 Qa5 19.Bxg5 Qxd2 20.Rxd2 Nxd4 21.Bd3 Bxd3 
1/2-1/2

[Event "23rd ECh U20"]
[Site "Holon ISR"]
[Date "1995.11.??"]
[Round "5"]
[White "Pcola, Pavol"]
[Black "Finkel, Alexander"]
[Result "1/2-1/2"]
[WhiteElo "2335"]
[BlackElo "2490"]
[EventDate "1995.11.03"]
[PlyCount "175"]

1.d4 g6 2.Nf3 Bg7 3.e4 d6 4.h3 Nf6 5.Nc3 O-O 6.Be3 a6 7.a4 b6 8.Bc4 e6 9.
e5 dxe5 10.dxe5 Qxd1+ 11.Rxd1 Nfd7 12.O-O Nxe5 13.Nxe5 Bxe5 14.Bh6 Bg7 15.
Bf4 Ra7 16.Rfe1 Nc6 17.Re3 Nd4 18.Rd2 c5 19.Ne4 b5 20.Ba2 c4 21.Nd6 Rd7 
22.Nxc8 Rxc8 23.Kf1 Rcd8 24.Re1 h6 25.c3 g5 26.Be3 Nf5 27.Rxd7 Rxd7 28.
axb5 axb5 29.Ke2 Nxe3 30.fxe3 Be5 31.Rd1 Ra7 32.Bb1 b4 33.cxb4 Rb7 34.Ba2 
Rxb4 35.Rd2 Bxb2 36.Bxc4 Bc3 37.Rd8+ Kg7 38.Kd3 Be5 39.Ra8 h5 40.Ra2 Bc7 
41.Rc2 Bb6 42.Ke2 g4 43.hxg4 hxg4 44.Kd3 Kg6 45.Rc3 Ra4 46.Rb3 Ba7 47.Rb7 
Ra3+ 48.Rb3 Ra1 49.Rb2 Bc5 50.Rb5 Bd6 51.Ke2 Bg3 52.Rb1 Ra3 53.Rb5 Bd6 54.
Bb3 Kf6 55.Kd3 Ra1 56.Ke2 Rb1 57.Bc4 Ra1 58.Kf2 Rc1 59.Bd3 Bf8 60.Ke2 Bd6 
61.Rb1 Rc7 62.Rb5 Bc5 63.Be4 Ke5 64.Rb7 Rc8 65.Bd3 Kf6 66.Be4 Ke5 67.Bd3 
f5 68.Rb5 f4 69.exf4+ Kxf4 70.Bc4 Rc6 71.Rb3 e5 72.Bd5 Ra6 73.Bb7 Ra2+ 74.
Kd3 Bd4 75.Kc4 Bf2 76.Kd5 Rd2+ 77.Ke6 Rd8 78.Rb4+ Rd4 79.Rxd4+ exd4 80.Ba6
Ke4 81.Bb7+ Ke3 82.Kd5 d3 83.Bc8 g3 84.Kc4 Be1 85.Bf5 d2 86.Bg4 Kf2 87.Bf3
Kf1 88.Kd3 1/2-1/2

[Event "23rd ECh U20"]
[Site "Holon ISR"]
[Date "1995.11.??"]
[Round "5"]
[White "Murdzia, Piotr"]
[Black "Kovacevic, Blazimir"]
[Result "1-0"]
[WhiteElo "2425"]
[BlackElo "2340"]
[EventDate "1995.11.03"]
[PlyCount "83"]

1.Nf3 Nf6 2.b3 d5 3.Bb2 c6 4.g3 Bg4 5.Bg2 Nbd7 6.O-O e6 7.d3 Bd6 8.Nbd2 
O-O 9.c4 a5 10.a3 Qe7 11.h3 Bh5 12.g4 Bg6 13.Nh4 e5 14.Nxg6 hxg6 15.Qc2 
Rfe8 16.e3 g5 17.Rfd1 Nf8 18.Nf3 N6d7 19.Bc3 b5 20.Bb2 Rec8 21.Rdc1 dxc4 
22.dxc4 b4 23.axb4 axb4 24.Nd2 Rxa1 25.Rxa1 Nc5 26.Kf1 Ng6 27.Ke2 Nf8 28.
Be4 Qe8 29.Qb1 Nfe6 30.Qh1 Qd7 31.Ra8 Rxa8 32.Bxc6 Qa7 33.Bxa8 Nxb3 34.
Nxb3 Qa2 35.Nd2 Qxb2 36.Qd5 Bc7 37.Bc6 Qa2 38.Be8 Ba5 39.Kf3 Nc7 40.Qxf7+ 
Kh8 41.Qf8+ Kh7 42.Bf7 1-0